000
00252nam a22001097a 4500
082
_a
669 SMI'A
100
_a
SMITH, MORTON C
_9
58361
245
_a
ALLOY SERIES IN PHYSICAL METALLURGY
260
_a
NEWYORK
_b
HAPPER
_c
1956
300
_a
338P
942
_c
BK
999
_c
568558
_d
568558